[Event "CHN-ch Rapid Women 2018"]
[Site "Shenzhen"]
[Date "2018.06.06"]
[Round "3"]
[White "Lei, Tingjie"]
[Black "Zhai, Mo"]
[Result "1-0"]
[WhiteElo "2530"]
[BlackElo "2343"]
[Annotator "TA"]
[PlyCount "107"]
[EventDate "2018.??.??"]
[EventType "rapid"]
[EventCountry "CHN"]
[SourceTitle "playchess.com"]
[Source "ChessBase"]
[SourceQuality "1"]

{[%evp 35,107,-14,11,-35,-23,-16,-12,-32,-32,-32,-36,-29,-18,-23,-23,-30,-29,-53,0,-18,-17,-25,0,-10,-8,-16,6,9,27,-16,33,20,36,39,25,30,49,37,65,65,133,108,152,141,125,125,152,97,79,79,119,105,253,32,42,31,378,372,378,378,404,323,372,318,353,353,408,408,407,406,420,418,362,254]} 1. e4 e5 2. Nf3 Nc6 3. Bb5 {[%cal Bf1b5,Bb5a4,Ba4b3][%mdl 32]} a6 4. Ba4 Nf6 5. O-O b5 6. Bb3 Be7 7. Re1 O-O 8. c3 d6 9. h3 Re8 10. d4 Bb7 11. Nbd2 Bf8 12. d5 Nb8 13. Nf1 Nbd7 14. Ng3 Nc5 15. Bc2 c6 16. b4 Ncd7 {[%cal Bc5d7,Bd7b6,Bb6c4][%mdl 32]} 17. dxc6 Bxc6 18. Bb3 Nb6 {[#] LiveBook: 52 Partien} 19. Ng5 $146 {C92: Spanische Partie (Tschigorin-Variante)} ({Vorgänger:} 19. Bg5 Rc8 20. Nh2 h6 21. Bxf6 Qxf6 22. Ng4 Qg6 23. Nf5 h5 24. Nh4 Qg5 25. Nf3 Qd8 26. Ngh2 Bb7 {½-½ (42) Sadvakasov,D (2596)-Kasimdzhanov,R (2672) Doha 2006}) 19... Ra7 20. Be3 Rd7 21. Nh5 {[#] Schwarz muss nun Sxf6+ beachten.Die Stellung ist ausgeglichen.} Nc4 22. Nxf6+ Qxf6 23. Qg4 (23. Qh5 h6 $17) 23... Qg6 ({Viel schwächer wäre} 23... Nxe3 $6 24. Rxe3 Ree7 25. Rf3 $16) 24. h4 h6 25. h5 Qf6 26. Nf3 {[%cal Bg5f3,Bf3h2,Bh2g4][%mdl 32]} Rdd8 (26... Rc7 $15) 27. Rad1 Bd7 28. Qg3 Be6 29. Bc1 Rc8 30. Rd3 Be7 31. Nh2 Kh8 32. Red1 Red8 33. Ng4 $1 {[%cal Rg4f6]} Qh4 34. Qxh4 Bxh4 35. Ne3 Nxe3 36. Bxe3 Bg4 37. R1d2 Bxh5 ({Günstiger ist} 37... Be7 $1 $14) 38. Rxd6 $16 Rxd6 39. Rxd6 Rxc3 40. Rxa6 Rc7 41. Rb6 (41. Kf1 $142) 41... Be2 42. a4 bxa4 43. Bxa4 Rc4 (43... Be7 $16 {war nötig.}) 44. Bc6 $2 (44. Bb3 $18) 44... Bd8 $14 45. Ra6 {[#] zielt auf Lb5 ab.} Rxb4 $2 {[%mdl 8192]} (45... Kh7 $14) 46. Ra8 $18 Rb1+ 47. Kh2 Rd1 48. Bb6 Kh7 49. Rxd8 Rb1 50. Be3 {Weiß steht auf Gewinn.} Rb4 51. Bd5 Bc4 52. Bd2 Ra4 53. Bc3 f6 54. Ra8 {Precision: Weiß = 49%, Schwarz = 37%.} 1-0

[Event "CHN-ch Rapid Women 2018"]
[Site "Shenzhen"]
[Date "2018.06.06"]
[Round "3"]
[White "Shen, Yang"]
[Black "Ren, Xiaoyi"]
[Result "1/2-1/2"]
[WhiteElo "2468"]
[BlackElo "2266"]
[Annotator "TA"]
[PlyCount "136"]
[EventDate "2018.??.??"]
[EventType "rapid"]
[EventCountry "CHN"]
[SourceTitle "playchess.com"]
[Source "ChessBase"]
[SourceQuality "1"]

{[%evp 9,136,0,21,20,19,22,22,23,29,24,71,32,68,32,28,26,74,67,107,2,3,0,31,0,0,0,0,0,0,0,0,0,0,0,0,0,7,0,0,-8,0,0,0,0,0,0,0,0,0,0,0,0,0,-31,-2,-16,-8,-89,0,0,0,0,-4,-8,-8,-8,-5,-8,0,-8,-8,-8,-8,-8,-8,-8,-8,-8,0,0,0,0,0,0,0,-5,-4,-5,-4,-5,-4,-4,-4,-4,-4,-4,-4,-4,-4,-4,0,0,0,-4,0,0,0,-4,-4,-137,-137,-29967,-29968,-29968,-29969,-29968,-29972,-29970,-29971,-29973,-29974,-29980,-29981,-29980,-29981,-29981,-29982,-29982,-29982]} 1. d4 d5 2. Nf3 c5 3. dxc5 e6 4. e4 Bxc5 5. exd5 (5. Nc3 d4 6. Na4 Qa5+ 7. c3 dxc3 8. Nxc3 Nf6 9. Bd3 Nc6 10. O-O e5 11. Bg5 Be6 12. Bb5 Nd7 {1-0 (32) Yu,Y (2725)-Stupak,K (2561) Baku 2016}) 5... Nf6 6. Bb5+ {D02: Damenbauernspiele} Bd7 7. Bxd7+ Qxd7 8. dxe6 {Die Stellung ist ausgeglichen.} Qxe6+ 9. Qe2 Qxe2+ 10. Kxe2 Nc6 $146 ({Vorgänger:} 10... Ng4 11. Be3 Nxe3 12. fxe3 O-O {½-½ (51) Scholz,G-Wiesgickl,G Bayern 1996}) 11. Be3 Bxe3 12. fxe3 O-O-O 13. Nc3 Rhe8 14. h3 (14. Rhd1 $16) 14... Nb4 $11 15. Kf2 Kb8 16. Rac1 Nbd5 17. Nxd5 $1 Ne4+ 18. Kg1 {Droht Td1 und aus.} Rxd5 19. Kh2 Nd2 20. Nxd2 Rxd2 {[%mdl 4096] Endspiel KTT-KTT} 21. Rhd1 Re2 22. Rd7 Re6 23. Rxf7 Rg6 $1 24. Kh1 Rexg2 25. e4 {[%cal Be3e4,Be4e5][%mdl 32]} a6 26. a4 Re2 27. Rg1 Rb6 28. b3 Rxc2 29. Rg3 g6 30. e5 Re2 31. Re7 Rc6 32. Rg2 Re3 33. Kh2 (33. Rxh7 $11 {bleibt in der Remisbreite.} Rxe5 34. Kh2) 33... Rcc3 (33... Rc7 $17 34. Rxc7 Kxc7) 34. Rxh7 Rxe5 35. Rxg6 Rxb3 36. Rg3 Re2+ 37. Rg2 Re4 38. Rg4 Re2+ (38... Rbb4 {is more complex.} 39. Rhh4 Re2+ 40. Kg3 Rb3+ 41. Kf4 Ka7) 39. Rg2 Rxg2+ 40. Kxg2 {KT-KT} Rb4 41. h4 $1 {[%cal Bh3h4,Bh4h5,Bh5h6,Bh6h7][%mdl 32]} Rxa4 42. h5 Ka7 43. Rg7 Re4 44. Kf3 Re8 45. h6 Re6 46. h7 Rh6 47. Ke3 a5 48. Kd4 Rh4+ 49. Kc5 Rh5+ 50. Kc4 Ka6 51. Kb3 Rh4 {Droht ...a4+.} 52. Rg6+ b6 53. Rg7 a4+ 54. Ka3 b5 55. Rf7 Ka5 {Droht stark ...Th3+.} 56. Ra7+ Kb6 57. Rg7 Rh3+ 58. Kb2 Ka5 {Und weiter mit ...a3+ wäre nett.} 59. Rf7 (59. Kc2 $11) 59... a3+ $1 $17 60. Ka2 $2 {[%mdl 8192] [#]} (60. Kc2 $17) 60... Ka4 $1 {Schwarz setzt Matt.} 61. Ra7+ Kb4 62. Rg7 Rh2+ 63. Kb1 Ka4 64. Ka1 {[#]} b4 $1 {[%cal Bb5b4,Bb4b3][%mdl 32]} 65. Kb1 b3 66. Rg4+ Kb5 67. Rg5+ Kc4 68. Rg4+ Kd5 {[%mdl 32768] Precision: Weiß = 54%, Schwarz = 73%. . An unexpected result.} 1/2-1/2

[Event "CHN-ch Rapid Women 2018"]
[Site "Shenzhen"]
[Date "2018.06.06"]
[Round "3"]
[White "Wang, Jue"]
[Black "Gu, Xiaobing"]
[Result "1-0"]
[WhiteElo "2380"]
[BlackElo "2306"]
[Annotator "TA"]
[PlyCount "67"]
[EventDate "2018.??.??"]
[EventType "rapid"]
[EventCountry "CHN"]
[SourceTitle "playchess.com"]
[Source "ChessBase"]
[SourceQuality "1"]

{[%evp 17,67,8,20,22,10,24,28,35,21,27,31,22,14,-6,0,-19,6,6,20,20,98,0,0,0,0,-32,0,-43,28,19,32,28,36,36,91,70,216,210,393,427,416,375,906,903,1032,1024,1696,1701,1513,1504,29991,29992]} 1. e4 c5 2. Nf3 d6 3. d4 cxd4 4. Nxd4 Nf6 5. Nc3 a6 6. Be3 e5 7. Nb3 Be6 8. f3 Nbd7 9. g4 b5 {LiveBook: 366 Games} 10. a4 {B90: Sicilian Najdorf: Unusual White 6th moves, 6 Be3 Ng4 and 6 Be3 e5} b4 11. Nd5 Bxd5 12. exd5 {White has an edge.} Nb6 13. Bf2 h6 14. Bxb6 Qxb6 15. Qd3 $146 ({Predecessor:} 15. Qd2 g6 16. O-O-O Bg7 17. Kb1 h5 {½-½ (32) Morozov,D (2455)-Zugrav,W (2567) ICCF email 2016}) 15... Be7 $36 {[%mdl 2048] Black has the initiative.} 16. a5 Qb7 (16... Qc7 {feels hotter.} 17. O-O-O Nd7 18. Kb1 Bh4 19. f4 exf4 20. Qe4+ Ne5) 17. O-O-O $1 O-O 18. h4 e4 (18... g6 $11) 19. fxe4 ({White should try} 19. Qe3 $16) 19... Nxg4 $11 {[#] White must now prevent ...Nf2.} 20. Qg3 Ne5 21. Nd4 Bf6 22. Nf5 Kh8 (22... Qc7 $15) 23. Nxd6 Qd7 24. Nc4 Nxc4 25. Bxc4 Rfe8 (25... Rae8 $14) 26. d6 $16 Qa4 {[#]} (26... Rxe4 $14 27. Qf3 Rae8) 27. Kb1 $1 $18 {And now d7 would win.} Qxa5 $2 (27... Qd7 {keeps fighting.} 28. Qh3 Ra7 29. Qxd7 Rxd7 30. Bxa6 Re5) 28. Rd5 Qb6 29. e5 Bd8 $2 (29... Rxe5 30. Rxe5 Qd4) 30. Rg1 {[%csl Gg1][%cal Rg3g7]} Rg8 31. e6 fxe6 32. Rh5 Bf6 33. Qg6 {White threatens Rxh6+! and mate.} Qe3 34. Bd3 {Precision: White = 76%, Black = 20%.} 1-0

[Event "CHN-ch Rapid Women 2018"]
[Site "Shenzhen"]
[Date "2018.06.06"]
[Round "3"]
[White "Ning, Kaiyu"]
[Black "Wang, Yu A"]
[Result "0-1"]
[WhiteElo "2341"]
[BlackElo "2328"]
[Annotator "TA"]
[PlyCount "100"]
[EventDate "2018.??.??"]
[EventType "rapid"]
[EventCountry "CHN"]
[SourceTitle "playchess.com"]
[Source "ChessBase"]
[SourceQuality "1"]

{[%evp 20,100,52,11,22,0,35,28,27,26,38,26,41,26,31,36,44,0,41,32,46,41,48,39,37,51,57,6,24,4,6,2,7,0,0,0,-4,-42,-35,-24,-31,-53,-55,-123,-108,-257,-243,-292,-285,-331,-323,-508,-514,-558,-373,-754,-461,-410,-386,-1247,-1252,-1247,-1142,-5705,-5681,-29992,-3456,-6702,-1970,-1735,-1623,-1402,-1497,-2697,-1416,-29976,-29976,-29976,-29977,-29981,-29981,-29991,-29981]} 1. d4 f5 2. g3 Nf6 3. Bg2 g6 4. c4 Bg7 5. Nc3 O-O 6. Nf3 d6 7. O-O c6 8. d5 e5 9. dxe6 Bxe6 10. b3 Qe7 {A88: Dutch Defence: Leningrad System: 5 Nf3 0-0 6 0-0 d6 7 Nc3 c6} (10... Na6 11. Bb2 Qe7 12. Ng5 Bd7 13. Qd2 h6 14. Nh3 Be6 15. Rad1 Rad8 16. Ba3 Nc5 17. f4 Qc7 18. Nf2 Rfe8 19. Kh1 Qb6 20. Qc2 d5 21. cxd5 cxd5 22. Nxd5 Nxd5 23. Bxc5 {0-1 (33) Gelfand,B (2751)-Kamsky,G (2762) Tashkent 2012}) 11. Bb2 {LiveBook: 3 Games} Nbd7 12. Qc2 a5 {The position is equal.} 13. Ng5 Nc5 14. Nxe6 Qxe6 15. Rad1 Rad8 16. e3 {[#]} Rd7 $146 ({Predecessor:} 16... Qe7 17. a3 Qc7 18. Ba1 Kh8 19. Rb1 Ne6 20. Ne2 Ng4 21. Bxg7+ Qxg7 {0-1 (48) Schenk,A (2483)-Bartel,M (2623) Germany 2016}) 17. Ne2 Nce4 18. Nc3 Nc5 19. a3 Rfd8 20. b4 axb4 21. axb4 Nce4 22. Ne2 d5 23. c5 (23. cxd5 $14 Nxd5 24. Bxg7 Kxg7 25. b5 $1 {[%mdl 512]}) 23... Ne8 24. Bd4 Nc7 25. Ra1 Nb5 26. Bxg7 Kxg7 27. Nd4 Nxd4 28. exd4 Qf6 29. Qb2 Re8 30. Ra2 f4 {[%cal Bf5f4,Bf4f3][%mdl 32]} 31. b5 {[#]} (31. Ra3 $1 $15) 31... f3 $1 $36 {[%mdl 2048] Hoping for ...Ng5. Black is on the roll.} 32. Bh1 (32. Bh3 $17 Rde7 33. bxc6 bxc6 34. Rfa1) 32... g5 $19 {[%cal Bg6g5,Bg5g4][%mdl 32]} 33. bxc6 bxc6 34. Ra3 g4 35. Re1 (35. Qc1 $142) 35... Rde7 {Threatens to win with ...Nc3!} 36. Rae3 Kg6 37. h4 $2 (37. Qa1 Rb7 38. h3) 37... h5 38. Kh2 Re6 39. Kg1 $2 {[#]} (39. Rf1 Nxc5 40. Rc3 Qxd4 41. Qc2+ Ne4 42. Rxc6) 39... Nxg3 $1 {[%mdl 512]} 40. Rxe6 (40. fxg3 Rxe3) 40... Rxe6 41. Rxe6 Qxe6 42. Kh2 Nf5 (42... Nf1+ $142 43. Kg1 Qe1 44. Qc2+ Kf6 45. Qc1 Qxc1 46. Bxf3 gxf3 47. Kh1 Qb1 48. Kg1 Qg6+ 49. Kxf1 Qb1#) 43. Qb8 Qf6 (43... Qe1 $142 44. Bxf3 gxf3 45. Qg8+ Ng7) 44. Qe8+ Kh6 45. Kg1 Nxd4 {( -> ...Ne2+)} 46. Kf1 Nf5 47. Kg1 Nxh4 {Black mates.} 48. Qe3+ Kg7 49. Kh2 Ng6 50. Qe8 Qe5+ {Precision: White = 28%, Black = 55%.} 0-1

[Event "CHN-ch Rapid Women 2018"]
[Site "Shenzhen"]
[Date "2018.06.06"]
[Round "3"]
[White "Zhu, Jiner"]
[Black "Xiao, Yiyi"]
[Result "1-0"]
[WhiteElo "2336"]
[BlackElo "2331"]
[Annotator "TA"]
[PlyCount "113"]
[EventDate "2018.??.??"]
[EventType "rapid"]
[EventCountry "CHN"]
[SourceTitle "playchess.com"]
[Source "ChessBase"]
[SourceQuality "1"]

{[%evp 17,113,13,25,0,36,29,24,15,29,11,8,0,0,0,-2,-4,-4,-16,-13,-25,18,0,0,-45,-59,-58,-29,-18,0,-81,34,32,47,49,41,-19,-14,-13,8,8,7,8,19,8,86,15,29,35,70,75,365,361,331,347,426,186,325,183,192,189,241,52,53,52,70,10,174,14,14,12,136,142,148,141,454,445,412,198,333,105,140,24,78,78,78,78,78,78,12840,12839,12835,12834,12842,12841,12841,12842,834,834]} 1. e4 e5 2. Nf3 Nc6 3. Bb5 Nf6 4. O-O Nxe4 5. d4 Nd6 6. Bxc6 dxc6 7. dxe5 Nf5 8. Qxd8+ Kxd8 9. Nc3 Ke8 10. Bf4 {C67: Ruy Lopez: Berlin Defence: 4 0-0 Nxe4} h5 11. Rad1 Be7 12. h3 {White has an edge.} Be6 13. b3 Rd8 {[#]} 14. Rfe1 $146 ({Predecessor:} 14. Kh2 Bc8 15. Ne4 b6 16. c4 c5 17. Nc3 Nd4 18. Nxd4 cxd4 {½-½ (54) Shirov,A (2691)-Andreikin,D (2723) Sochi 2015}) 14... Bb4 15. Rxd8+ Kxd8 16. Rd1+ Kc8 17. Ne4 Bd5 $36 {[%mdl 2048] Black is pushing.} 18. Nfg5 Rd8 19. c3 Be7 20. f3 (20. c4 $5 {[%cal Rc4d5]} f6 21. exf6 (21. cxd5 fxg5 22. Bxg5 Rxd5 $11) 21... gxf6 22. Nxf6 Bxf6 23. cxd5 $11) 20... b5 21. Kf2 Re8 22. g4 Nh4 23. Re1 (23. Bg3 $11 Ng6 24. gxh5) 23... a5 (23... Rh8 $17 24. e6 f6) 24. Bg3 $14 ({Much worse is} 24. gxh5 Rh8 $17) 24... Ng6 25. gxh5 Nf8 26. f4 (26. Nd6+ $14 Bxd6 27. exd6 Rxe1 28. Kxe1) 26... Ne6 27. h4 Rh8 28. Nxf7 Rxh5 29. Nfg5 Nxg5 30. Nxg5 Bc5+ (30... a4 $11 {keeps the balance.}) 31. Kf1 ({White should play} 31. Ke2 $16) 31... Be7 32. Rc1 Ba3 33. Rc2 c5 $2 {[%mdl 8192]} (33... Be7 $16) 34. c4 $1 $18 {[%cal Rc4d5]} bxc4 35. bxc4 Bc6 36. e6 (36. f5 $142) 36... Kd8 (36... Bb4 $142 37. Re2 Bc3) 37. f5 (37. Rc3 $142 Bb4 38. Rd3+ Ke7 39. a3) 37... Ke7 38. Kf2 Ba4 (38... Rh8 $142 39. Ke3 (39. Bxc7 Rxh4 40. Kg3 Rh1 $14) 39... Ba4) 39. Rc3 $2 (39. Rd2 $18) 39... Bb2 $14 40. Rd3 Bd4+ 41. Ke2 (41. Kf3 $1 $14) 41... Bc6 $2 (41... Bc2 $11 {and Black is okay.}) 42. Ra3 $2 ({Better is} 42. Rb3 $1 $18) 42... a4 $11 43. Rd3 Bf6 (43... Rh8 $11) 44. Bxc7 {Hoping for Rd6.} Rxh4 45. Bd8+ Ke8 $2 {[%mdl 8192]} (45... Kf8 $16 {is tougher.}) 46. Bxf6 $18 gxf6 {[%mdl 4096] Endgame KRB-KRN} 47. Nf7 (47. Rd6 $142 Be4 48. Nxe4 Rxe4+ 49. Kd3) 47... Ke7 (47... Rh2+ {might work better.} 48. Ke3 Rh3+ 49. Kd2 Rh2+ 50. Kc1 Ke7) 48. a3 $2 (48. Rd6 $18 {is the precise move to win.} Rh2+ 49. Ke3) 48... Rxc4 49. Nd6 (49. Rd6 $1 $16 {[%cal Rd6c6]} Bb5 50. Rb6 Rb4+ 51. Ke3 Rb3+ 52. Kf4) 49... Rd4 (49... Rf4 $11) 50. Nc8+ $16 Kd8 {[#] And now ...Bb5 would win.} 51. Na7 $1 {[%cal Ra7c6]} Be4 {[#]} 52. Rg3 $1 {[%cal Rg3g8]} Rc4 $2 {[%mdl 8192]} (52... Bxf5 $16 53. Nc6+ Kc7 54. Nxd4 cxd4 55. Rg7+ Kd6) 53. Rg8+ $18 {White is clearly winning.} Kc7 54. e7 Bxf5 55. e8=Q {[%csl Ga7][%cal Re8c6]} Re4+ 56. Qxe4 Bxe4 57. Nb5+ {Precision: White = 30%, Black = 17%.} 1-0

[Event "CHN-ch Rapid Women 2018"]
[Site "Shenzhen"]
[Date "2018.06.06"]
[Round "3"]
[White "Qiu, Mengjie"]
[Black "Yuan, Ye"]
[Result "1-0"]
[WhiteElo "2242"]
[BlackElo "2159"]
[Annotator "TA"]
[PlyCount "47"]
[EventDate "2018.??.??"]
[EventType "rapid"]
[EventCountry "CHN"]
[SourceTitle "playchess.com"]
[Source "ChessBase"]
[SourceQuality "1"]

{[%evp 19,47,0,0,-8,36,18,127,114,90,-4,1,-2,0,-84,-94,-95,-17,-12,-15,-5,-4,-15,28,-37,189,172,302,238,347,248]} 1. e4 c5 2. Nf3 e6 3. d4 cxd4 4. Nxd4 Nc6 5. Nc3 {[%cal Bb1c3,Bc3a4,Ba4b6][%mdl 32]} Qc7 6. Be2 a6 7. O-O Nf6 8. Be3 Bb4 9. Na4 Be7 10. c4 {[%cal Bc2c4,Bc4c5][%mdl 32]} Nxe4 11. Bf3 {B49: Sicilian: Taimanov: 5 Nc3 Qc7 6 Be3 a6 7 Be2} (11. c5 O-O 12. Rc1 Rb8 13. g3 Bg5 14. f4 Bh6 15. Bf3 f5 16. Bxe4 fxe4 17. Nxc6 bxc6 18. Qd6 Qxd6 19. cxd6 e5 20. Rc4 {½-½ (47) Fressinet,L (2662)-Rapport,R (2707) Riadh 2017}) 11... Nf6 12. c5 {[%mdl 1024] White has compensation.} Ne5 (12... O-O $11 {remains equal.}) 13. Nb6 $146 {White is better.} ({Predecessor:} 13. Be2 Nd5 14. Bd2 O-O 15. Rc1 d6 16. f4 Nc6 17. cxd6 Qxd6 18. Nxc6 bxc6 {½-½ (63) Pomerantz,D (1933)-Gauthier,D (1849) Montreal 2016}) 13... Rb8 {[#]} 14. b4 ({White should play} 14. Rc1 $1 $16) 14... O-O $11 15. Rc1 d6 {[%cal Rd6c5]} 16. Nb3 (16. Bf4 $11) 16... dxc5 $17 17. bxc5 Bd7 (17... Rd8 $17 18. Bd4 Bd7 19. Nxd7 Nfxd7) 18. Bf4 $11 {[%cal Be3f4,Bf4g3,Bg3e5][%mdl 32] [#] And now Bxe5 would win.} Nxf3+ 19. Qxf3 e5 20. Bg3 Rfe8 21. Rfe1 (21. Qc3 $11 Ne4 22. Qxe5) 21... Bf8 $2 (21... Bc6 $1 $15 {keeps the upper hand.} 22. Bxe5 Qxe5 23. Rxe5 Bxf3 24. gxf3 Bf8 25. Rxe8 Rxe8) 22. Qc3 $18 Qc6 (22... Rbd8 $142 23. Bxe5 Rxe5 24. Qxe5 (24. Rxe5 Bc6 $16) 24... Qxe5 25. Rxe5 Be6) 23. Bxe5 Rbd8 (23... Rxe5 {is a better defense.} 24. Rxe5 Qc7 25. Nxd7 Nxd7) 24. Nd4 {Precision: White = 38%, Black = 27%.} 1-0

[Event "CHN-ch Rapid Women 2018"]
[Site "Shenzhen"]
[Date "2018.06.06"]
[Round "3"]
[White "Liu, Xianglin"]
[Black "Liu, Hongyan"]
[Result "1/2-1/2"]
[WhiteElo "2212"]
[BlackElo "2079"]
[Annotator "TA"]
[PlyCount "127"]
[EventDate "2018.??.??"]
[EventType "rapid"]
[EventCountry "CHN"]
[SourceTitle "playchess.com"]
[Source "ChessBase"]
[SourceQuality "1"]

{[%evp 20,127,33,0,3,-6,16,-79,10,-163,-163,-157,-166,-190,-176,-228,-225,-210,-214,-214,-236,-224,-230,-230,-221,-204,-200,-199,-101,-273,-279,-325,-283,-320,-309,-383,-342,-356,-360,-354,-354,-397,-388,-457,-403,-418,-420,-418,-404,-398,-258,-254,0,0,30,33,54,46,44,56,71,49,56,56,67,68,63,60,74,29,50,10,31,25,143,0,0,0,0,0,0,0,0,0,0,0,0,0,0,0,0,0,0,0,0,0,0,0,0,0,0,0,0,0,0,0,0,0,0,0]} 1. d4 d5 2. Nf3 c6 3. g3 Bf5 4. Bg2 e6 5. c4 h6 6. O-O Nf6 7. Nc3 Be7 8. Qb3 Qb6 9. c5 Qc7 {D11: Slav Defence: 3 Nf3 sidelines and 3...Nf6 4 e3 Bg4} (9... Qa6 10. Re1 b6 11. Bf1 Qb7 12. Bf4 Nbd7 13. Nd2 O-O 14. e4 Nxe4 15. Ncxe4 Bxe4 16. Nxe4 dxe4 17. Rxe4 {½-½ (31) Nyzhnyk,I (2628)-Shimanov,A (2593) Saint Louis 2015}) 10. Bf4 Qc8 11. Qa4 {LiveBook: 3 Games} O-O 12. b4 a6 $146 ({Predecessor:} 12... Nbd7 13. Rfc1 g5 14. Be3 b5 15. Qb3 a5 16. a4 axb4 17. Qxb4 bxa4 18. Rxa4 {1-0 (42) Flores,J (2371)-Milligan,B (2406) ICCF corr 2001}) 13. b5 (13. Qd1 $11) 13... Nh5 (13... Ne4 $17 14. Nxe4 cxb5) 14. Bd6 $2 {[#]} (14. Bd2 $11 {and White stays safe.}) 14... Bxd6 $1 $19 15. cxd6 cxb5 16. Nxb5 Qc6 17. Ne5 (17. g4 {was necessary.} Bxg4 18. Ne5 Qxb5 19. Qxb5 axb5 20. Nxg4) 17... Qxb5 18. Qxb5 axb5 19. g4 Nf4 20. gxf5 Nxe2+ 21. Kh1 Nxd4 22. fxe6 fxe6 23. Rad1 Nf5 ({And not} 23... Rxa2 24. Rxd4 Nc6 25. Nxc6 $14) (23... Nbc6 $19 {...Rad8 is the strong threat.} 24. Nxc6 Nxc6) 24. Rd2 $2 (24. Bh3 $17) 24... Nxd6 25. Bh3 Rf6 26. Ng4 Rf3 27. Kg2 Raa3 28. Nxh6+ gxh6 29. Bxe6+ Kg7 30. Rxd5 Rfd3 31. Rc5 Kf6 32. Bb3 Nc6 33. Re1 Nd4 34. Rd5 N6f5 {Strongly threatening ...Rd2.} 35. Re8 {intending Rf8+.} Ra6 $2 (35... Kg7 $19 {Threatens to win with ...Ra6.} 36. Ree5 Nh4+ 37. Kf1 Rd2 38. Rd7+ Kf6 39. Rxb5 Rxb3 40. Rd6+ Kf7 41. Rxd4 Rxb5 42. Rxd2 Nf3 43. Rd7+ Ke6) 36. Rf8+ $11 Kg7 37. Rfxf5 {Black must now prevent Rd7+.} Rg6+ 38. Kf1 {Intending Rd7+ and mate.} Nxf5 39. Rxd3 $14 {[%mdl 4096] Endgame KRB-KRN} Nd6 40. Rc3 Rf6 41. Rc7+ Kg6 42. Bc2+ Kg5 43. Kg2 Kf4 44. Rg7 Ke5 45. h4 Kd4 46. h5 Nf5 {[#]} (46... Ke5 $11 {keeps the balance.}) 47. Bxf5 ({Better is} 47. Rg6 $1 $16 {[%cal Rg6f6]} Ke5 48. f4+ Ke6 49. Kf2) 47... Rxf5 $11 {The position is equal.} 48. Rxb7 Rxh5 $16 {KR-KR} 49. Kg3 Rf5 50. Rb6 h5 51. f3 Kc5 52. Rh6 Kb4 53. f4 Ka3 54. Ra6+ Kb4 55. Rh6 Kc3 56. Kf3 Kd4 57. Rd6+ Rd5 58. Rg6 Rf5 59. Rd6+ Rd5 60. Rg6 Rf5 61. Rd6+ Rd5 62. Rg6 Rc5 63. Rd6+ Rd5 64. Rg6 {Precision: White = 50%, Black = 45%.} 1/2-1/2

[Event "CHN-ch Rapid Women 2018"]
[Site "Shenzhen"]
[Date "2018.06.06"]
[Round "3"]
[White "Li, Xueyi"]
[Black "Ni, Shiqun"]
[Result "0-1"]
[WhiteElo "2195"]
[BlackElo "2427"]
[Annotator "TA"]
[PlyCount "90"]
[EventDate "2018.??.??"]
[EventType "rapid"]
[EventCountry "CHN"]
[SourceTitle "playchess.com"]
[Source "ChessBase"]
[SourceQuality "1"]

{[%evp 20,90,16,0,8,14,13,15,9,0,0,0,0,0,4,-4,0,0,0,0,0,-10,-22,-33,-40,-43,-44,-66,-52,-57,-55,-93,-45,-121,-111,-102,-102,-100,-89,-94,-95,-143,-157,-147,-144,-178,-169,-177,-183,-169,-181,-219,-220,-264,-264,-423,-423,-391,-380,-922,-681,-617,-578,-803,-878,-550,-376,-434,-412,-412,-380,-12845,-12845]} 1. d4 d5 2. c4 dxc4 3. e3 Nf6 4. Bxc4 e6 5. Nf3 a6 6. a4 c5 7. O-O Nc6 8. Nc3 cxd4 9. exd4 Be7 10. Bg5 O-O 11. Qd2 Nd5 {D27: Queen's Gambit Accepted: Classical main line: 7 e4!? and 7 a4} 12. Nxd5 exd5 13. Bxe7 Nxe7 {The position is equal.} 14. Bd3 Bf5 15. Rfe1 Bxd3 16. Qxd3 Nc6 17. Qf5 $146 ({Predecessor:} 17. Qb3 Rb8 18. Rac1 Qd6 19. Qb6 f6 20. Re3 Qd7 21. g3 Rfe8 22. Rce1 Rxe3 23. Rxe3 Qd8 24. Qb3 {½-½ (24) Novik,M (2466)-Karjakin,S (2489) FIDE.com 2002}) 17... g6 18. Qf4 Kg7 19. h4 Qf6 $36 {[%mdl 2048] Black is more active.} 20. Qd2 Rfe8 21. b4 Re4 {[%cal Rc6d4]} 22. Red1 h6 23. Ra3 b6 24. Rd3 Rae8 25. h5 g5 {aiming for ...Re2.} 26. b5 (26. Qc3 $15) 26... axb5 $17 27. axb5 Re2 28. Qc3 Na5 {...g4 is the strong threat.} 29. Rf1 Nc4 30. Ne5 Nxe5 31. dxe5 R8xe5 32. Rf3 {[#]} Rf5 $1 {[%mdl 512]} 33. Qd3 (33. Rxf5 Qxc3) 33... Rxf3 34. Qxe2 $19 {[%mdl 4096] Endgame KQR-KQR} Rb3 35. Qd2 Rxb5 36. f4 gxf4 37. Rxf4 $2 (37. Qd3 {was necessary.} Rb4 38. Qxd5) 37... Rb1+ 38. Kh2 Qe5 39. Kh3 $2 (39. Qd4 f6 40. Kg3) 39... Qxh5+ 40. Kg3 Qe5 41. Kh3 Rh1+ 42. Kg3 Qe1+ 43. Qxe1 Rxe1 44. Rd4 Re5 45. Kf4 $2 {[#]} (45. Rh4) 45... Re4+ $1 {Precision: White = 28%, Black = 69%.} 0-1